000 00300nam a2200133Ia 4500
008 190216s9999||||xx |||||||||||||| ||und||
100 _aHadley G
245 0 _aLinear Programming
250 _a1st Ed.
260 _bNarosa Pubs House
_c1961
300 _a520p
650 _aMathematics
942 _cBK
999 _c31107
_d31107